000 01265nam a2200349 a 4500
001 58026
003 CO-BoRNBP
005 20250814193125.0
007 ta
008 980702s1998 ck a gr 000 jdspa
020 _a9580700818 (colección)
020 _a9580711895
040 _aCO-BoBN
_bspa
_cCO-BoBN
082 0 4 _aCh863.44
_220
100 1 _aSchkolnik Bendersky, Saúl
_962262
245 1 0 _aCuentos de Antonio, el Tío Juan y Tata Puma /
_cSaúl Schkolnik Bendersky en colaboración con Demián Schkolnik ; ilustraciones de Alvaro Toro
250 _a1a. edición
300 _a75 p. :
_bil. ;
_c19 cm
336 _2rdacontent
_atexto
_btxt
337 _2rdamedia
_asin mediación
_bn
338 _2rdacarrier
_avolumen
_bnc
490 0 _aAlfombra mágica.
_pCuento
500 _aCoedición: Ediciones Susaeta.
500 _aIncluye datos biográficos del autor en tapa posterior
650 _aCuentos chilenos
_2LEMB
_962263
700 1 _aSchkolnik, Demián
_ecolaborador
_962264
700 1 _aToro, Álvaro,
_eilustrador
_962265
930 _acjo
942 _2ddc
_cBK
949 _aA 9410
_mD.SAMPER
_lLIB/MODER
_kLIB/MODER
_tLIBRO
_xDEP/LEGAL
_zGENERAL
_rY
_sY
949 _aPA 6182
_mPRESERVACI
_lPRESERVACI
_kPRESERVACI
_tLIBRO
_xDEP/LEGAL
_zPRESERVACI
_rY
_sY
999 _c58026
_d58026